| 000 | 00452pab a2200181 454500 | ||
|---|---|---|---|
| 008 | 180718b2006 xxu||||| |||| 00| 0 eng d | ||
| 100 | _aPaanchanatham, N. | ||
| 245 | _aExecutives' quality of life and yoga | ||
| 260 | _c2006 | ||
| 300 | _ap.7-19. | ||
| 362 | _aJan | ||
| 650 | _aYoga | ||
| 650 | _aQuality of life | ||
| 650 | _aManagers | ||
| 700 | _aPragadeeswaran, S. | ||
| 773 | _aICFAI Journal of Organizational Behaviour | ||
| 909 | _a68450 | ||
| 999 |
_c68450 _d68450 |
||